| 000 | 01419nam a2200349 i 4500 | ||
|---|---|---|---|
| 001 | 000015537 | ||
| 003 | DO-SdBNP | ||
| 005 | 20241126132151.0 | ||
| 007 | ta | ||
| 008 | 100212s2000 dr 000 0 spa d | ||
| 020 | _a999345401X | ||
| 040 |
_aDO-SdBNP _bspa _cBNPHU _erda |
||
| 041 | _aspa | ||
| 082 | 4 |
_a972.9304 _bB719e _222 |
|
| 100 | 1 |
_aBonó, Pedro Francisco, _d1928-1906 _eautor _4aut. _935073 |
|
| 245 | 1 | 0 |
_aEnsayos sociohistóricos : _bactuación pública / _cPedro Francisco Bonó ; notas adicionales, Raymundo González ; edición, Andrés Blanco Díaz. |
| 264 | 1 |
_aSanto Domingo, República Dominicana : _bEdiciones de la Fundación Corripio, _c2000. |
|
| 300 |
_a322 páginas ; _c23 cm. |
||
| 336 |
_atexto _btxt _2rdacontent |
||
| 337 |
_asin mediación _bn _2rdamedia |
||
| 338 |
_avolumen _bnc _2rdacarrier |
||
| 490 | 0 |
_aBiblioteca de Clásicos Dominicanos ; _v32 |
|
| 500 | _aIncluye referencias bibliográficas y notas al pie de las páginas. | ||
| 590 | _aInventariado, 2020/YL | ||
| 651 | 4 |
_aRepública Dominicana _xPolítica y gobierno _y1844-1930 _96961 |
|
| 651 | 4 |
_aRepública Dominicana _xCondiciones económicas _y1844-1930 _935074 |
|
| 651 | 4 |
_aRepública Dominicana _xCondiciones sociales _y1844-1930 _935075 |
|
| 700 | 1 |
_aGonzález, Raymundo, _enotas _96373 |
|
| 700 | 1 |
_aBlanco Díaz, Andrés, _eeditor _4ed. _9172 |
|
| 910 | _aValidado. Control de calidad. MMOLINA | ||
| 942 |
_2ddc _cLBS1 |
||
| 999 |
_c15093 _d15093 |
||